header

Reading religions in the ancient world (Record no. 7906)

MARC details
000 -LEADER
fixed length control field 03163nam a2200433 a 4500
001 - CONTROL NUMBER
control field ebr10270768
003 - CONTROL NUMBER IDENTIFIER
control field CaPaEBR
006 - FIXED-LENGTH DATA ELEMENTS--ADDITIONAL MATERIAL CHARACTERISTICS--GENERAL INFORMATION
fixed length control field m u
007 - PHYSICAL DESCRIPTION FIXED FIELD--GENERAL INFORMATION
fixed length control field cr cn|||||||||
008 - FIXED-LENGTH DATA ELEMENTS--GENERAL INFORMATION
fixed length control field 071019s2007 ne sb 011 0 eng
010 ## - LIBRARY OF CONGRESS CONTROL NUMBER
Canceled/invalid LC control number 2007043550
016 7# - NATIONAL BIBLIOGRAPHIC AGENCY CONTROL NUMBER
Canceled or invalid record control number B0717472
Source bccb
020 ## - INTERNATIONAL STANDARD BOOK NUMBER
Cancelled/invalid ISBN 9789004161962 (alk. paper)
Cancelled/invalid ISBN 9004161961 (alk. paper)
040 ## - CATALOGING SOURCE
Original cataloging agency CaPaEBR
Transcribing agency CaPaEBR
035 ## - SYSTEM CONTROL NUMBER
System control number (OCoLC)646788999
050 14 - LIBRARY OF CONGRESS CALL NUMBER
Classification number BR123
Item number .R38 2007eb
082 04 - DEWEY DECIMAL CLASSIFICATION NUMBER
Classification number 230
Edition number 22
084 ## - OTHER CLASSIFICATION NUMBER
Classification number 11.18
Source of number bcl
Classification number 11.51
Source of number bcl
245 00 - TITLE STATEMENT
Title Reading religions in the ancient world
Medium [electronic resource] :
Remainder of title essays presented to Robert McQueen Grant on his 90th birthday /
Statement of responsibility, etc edited by David E. Aune & Robin Darling Young.
260 ## - PUBLICATION, DISTRIBUTION, ETC. (IMPRINT)
Place of publication, distribution, etc Leiden ;
-- Boston :
Name of publisher, distributor, etc Brill,
Date of publication, distribution, etc 2007.
300 ## - PHYSICAL DESCRIPTION
Extent vi, 305 p.
490 1# - SERIES STATEMENT
Series statement Supplements to Novum Testamentum,
International Standard Serial Number 0167-9732 ;
Volume number/sequential designation v. 125
504 ## - BIBLIOGRAPHY, ETC. NOTE
Bibliography, etc Includes bibliographical references and index.
505 00 - FORMATTED CONTENTS NOTE
Miscellaneous information Part One: Classical Studies:
Title Personal religion? /
Statement of responsibility Larry Alderink --
Title Death as life and life as death : revisiting Rohde /
Statement of responsibility James D. Tabor --
Title Credibility and credulity in Plutarch's Life of Numa Pompilius /
Statement of responsibility Hans Dieter Betz --
Title "That unpredictable little beast" : traces of an other Socrates /
Statement of responsibility A.J. Droge --
Title To show the differences by comparison" : the new Wettstein and Cleanthes' Hymn /
Statement of responsibility Johan C. Thom --
Title ISmyrna 753: God and the One God /
Statement of responsibility Leonard L. Thompson --
Miscellaneous information Part Two: New Testament Studies:
Title "The Spirit is willing, but the flesh is weak" (Mark 14:38b and Matt. 26:41b) /
Statement of responsibility David E. Aune --
Title "Every signal worth reading" : Jesus and Jewish sectarians in Mark /
Statement of responsibility Peter Zaas --
Title Divine sons : Aeneas and Jesus in Hebrews /
Statement of responsibility Mark Reasoner --
Title The two thirteens : Romans and Revelation /
Statement of responsibility Graydon F. Snyder --
Miscellaneous information Part Three: Patristic Studies:
Title Notes on divesting and vesting in The Hymn of the Pearl /
Statement of responsibility Robin Darling Young --
Title Origen, Celsus and Lucian on the "d�enouement of the drama" of the Gospels /
Statement of responsibility Margaret M. Mitchell --
Title Anti-Nicene preaching in recent literature /
Statement of responsibility O.C. Edwards, Jr. --
Title The emerge of the spiritual reading of the Apocalypse in the third century /
Statement of responsibility Bernard McGinn --
Title Eusebius on Porphyry's "Polytheistic Error" /
Statement of responsibility Robert Lee Williams --
Title A sixth-century plea against religious violence : Romanos on Elijah /
Statement of responsibility I. William Countryman.
533 ## - REPRODUCTION NOTE
Type of reproduction Electronic reproduction.
Place of reproduction Palo Alto, Calif. :
Agency responsible for reproduction ebrary,
Date of reproduction 2013.
Note about reproduction Available via World Wide Web.
-- Access may be limited to ebrary affiliated libraries.
600 10 - SUBJECT ADDED ENTRY--PERSONAL NAME
Personal name Grant, Robert M.
Fuller form of name (Robert McQueen),
Dates associated with a name 1917-
650 #0 - SUBJECT ADDED ENTRY--TOPICAL TERM
Topical term or geographic name as entry element Church history
Chronological subdivision Primitive and early church, ca. 30-600.
Topical term or geographic name as entry element Christian literature, Early
General subdivision History and criticism.
Topical term or geographic name as entry element Christianity and culture
General subdivision History
Chronological subdivision Early church, ca. 30-600.
655 #7 - INDEX TERM--GENRE/FORM
Genre/form data or focus term Electronic books.
Source of term local
700 1# - ADDED ENTRY--PERSONAL NAME
Personal name Grant, Robert M.
Fuller form of name (Robert McQueen),
Dates associated with a name 1917-
Personal name Aune, David Edward.
Personal name Young, Robin Darling.
710 2# - ADDED ENTRY--CORPORATE NAME
Corporate name or jurisdiction name as entry element ebrary, Inc.
830 #0 - SERIES ADDED ENTRY--UNIFORM TITLE
Uniform title Supplements to Novum Testamentum ;
Volume number/sequential designation v. 125.
856 40 - ELECTRONIC LOCATION AND ACCESS
Uniform Resource Identifier <a href="http://site.ebrary.com/lib/rucke/Doc?id=10270768">http://site.ebrary.com/lib/rucke/Doc?id=10270768</a>
Public note An electronic book accessible through the World Wide Web; click to view

No items available.

© 2026 Rongo University
Contact us: librarian | system librarian | Rongo university